000 00603nam a2200181Ia 4500
008 100921s9999 xx 000 0 und d
082 _b11183
_a891.463 थ 75
100 _aकाकोडकर चंद्रकांत.
245 _aमला जगायचय.
260 _bरम्यकथा प्रकाशन, पुणे.
_c1975
300 _a164
_b---
365 _b10
520 _aललित-कादंबरी.
630 _aमला जगायचय.
650 _aललित-कादंबरी.
730 _aमला जगायचय.
942 _cBOOK
999 _c760296
_d760293